| 000 | 00786nam a2200265 i 4500 | ||
|---|---|---|---|
| 001 | bg | ||
| 003 | BPK | ||
| 005 | 20220121092756.0 | ||
| 008 | 000707s2000 pl a |000 0 pol | ||
| 015 | _aPB 2000/13557 | ||
| 020 | _a838749321X | ||
| 040 |
_aWA N _cBPK |
||
| 041 | 0 | _apol | |
| 080 | _a658.1/.5 | ||
| 080 | _a 005.642.1 | ||
| 080 | _a339.137 | ||
| 100 | 1 |
_aWęgrzyn, Adam _eAutor |
|
| 245 | 1 | 0 |
_aBenchmarking : _bnowoczesna metoda doskonalenia przedsiębiorstwa / _cAdam Węgrzyn. |
| 260 |
_aKluczbork ; _aWrocław : _b"Antykwa", _c2000. |
||
| 300 |
_a223 s. : _bil. ; _c21 cm. |
||
| 504 | _aBibliogr. | ||
| 650 | 4 | _aBenchmarking | |
| 942 |
_2UKD _cKS |
||
| 856 |
_uhttp://koha.tu.koszalin.pl/cgi-bin/koha/opac-detail.pl?biblionumber=37355 _yKatalog online BPK |
||
| 999 |
_c37355 _d37355 |
||